000 00758cam a2200241 a 4500
999 _c328624
_d328624
001 917085
003 Nust
005 20170412155447.0
008 821209s1983 nyu 000 0 eng
010 _a 82024185
020 _a0394531310
020 _a0394624491 (pbk.)
040 _aDLC
_cDLC
_dDLC
050 0 0 _aPR6066.I53
_bA6 1983
082 0 0 _a822.914 PIN
_219
100 1 _aPinter, Harold,
_d1930-2008.
245 1 0 _aOther places :
_bthree plays /
_cby Harold Pinter.
250 _a1st hardcover ed.
260 _aNew York :
_bGrove Press,
_c1983.
300 _a83 p. ;
_c21 cm.
505 0 _aA kind of Alaska -- Victoria Station -- Family voices.
906 _a7
_bcbc
_corignew
_d1
_eocip
_f19
_gy-gencatlg
942 _2ddc
_cBK